[Event "FIDE World Cup"]
[Site "Tromsoe"]
[Date "2013.08.27"]
[Round "6.2"]
[White "Kramnik, Vladimir"]
[Black "Vachier Lagrave, Maxime"]
[Result "1/2-1/2"]
[WhiteElo "2784"]
[BlackElo "2719"]
[Annotator "Ramirez Alvarez,A"]
[PlyCount "249"]
[EventDate "2013.08.11"]
[EventType "k.o."]
[EventRounds "7"]
[EventCountry "NOR"]
[SourceTitle "CBM 156"]
[Source "ChessBase"]
[SourceDate "2013.09.17"]
[SourceVersion "1"]
[SourceVersionDate "2013.09.17"]
[SourceQuality "1"]

1. Nf3 d5 2. d4 Nf6 3. c4 c6 {MVL has been employing the Slav very
successfully. He has shown an interesting new idea against the e3 setups, but
Kramnik is faithful to the main variation.} 4. Nc3 dxc4 5. a4 Bf5 6. Ne5 Nbd7
7. Nxc4 Nb6 {A line that is known to give Black a solid but passive position.
Morozevich's idea is more active but far riskier.} (7... Qc7 8. g3 e5 9. dxe5
Nxe5 10. Bf4 {was seen once in Tromso in the game Postny-Li Chao in which the
Chinese player took the full point.}) 8. Ne5 a5 9. e3 {A sedate approach that
is becoming more and more popular. The main alternatives are g3 and f3.} Nbd7
10. Nc4 (10. Qb3 Nxe5 11. dxe5 Nd7 12. Qxb7 Nxe5 13. Nb5 $5 Rb8 $1 14. Qc7 f6
$1 {Gave Black a playable position in Xie Deshun - Bu Xiangzhi earlier this
year.}) 10... Qb8 {A novelty, but it will be interesting to see exactly how
good it is. Black's idea is to push e5 quickly.} 11. Bd3 Bxd3 12. Qxd3 e5 13.
O-O Bb4 14. Qf5 $5 {Forcing the pawn to exchange on d4. Despite the isolated
pawn White retains a certain initiative as his pieces have many good squares
to go to.} exd4 15. exd4 O-O 16. Rd1 Qe8 17. Bf4 Qe6 {Black creates a weakness
on e6, true, but it was more important to subdue White's active play. Now
Black's position will be uncomfortable but still quite defendable.} 18. Qxe6
fxe6 19. Bd6 Rfd8 20. f3 Bxc3 $6 {This is a strange choice. Black exposes the
b7-pawn too much.} (20... Bxd6 21. Nxd6 Ra7 22. Kf2 Nb6 {should still be
slightly favorable for White, but not that much.}) 21. bxc3 Nd5 22. Rdc1 b5 $5
{An interesting idea. Black immediately sacrifices his pawn for compensation
rather than waiting for White to set up his position and win the pawn anyways
under better circumstances.} 23. axb5 cxb5 24. Nxa5 Rdc8 25. Bb4 Rc7 $6 (25...
N7b6 $1 26. Rab1 $6 Na4 $1 {and Black suddenly has too much pressure on c3.})
26. Rab1 Rac8 27. h4 e5 28. Rd1 exd4 29. Rxd4 N7f6 30. Kh2 h6 31. Rb2 Nxc3 32.
Bxc3 Rxc3 33. Rxb5 Rc2 34. Nb3 Kh7 35. Rdb4 R8c3 36. Kh3 Ra2 37. Nd4 {With all
the pawns in one side of the board and with the reduced amount of material it
should be possible for Black to hold the position, but it is very unpleasant.}
Rc1 38. Ne6 Re1 39. Nf4 Ra7 40. h5 Rae7 41. g4 R1e5 $6 {Usually in these types
of endgames it is better to keep as much material as possible to create
counterplay. Now MVL has to rely entirely on his ability to set up a fortress.}
42. Ng6 Rxb5 43. Rxb5 Re8 44. Rb7 Rd8 45. Kg3 Kg8 46. Kh4 Kh7 47. Ra7 Kg8 48.
f4 Kh7 49. Rb7 Ne4 50. Rb4 Re8 51. g5 Nd6 52. Rb6 Nf7 53. Rb5 Re1 54. Nf8+ Kg8
55. Rb8 hxg5+ 56. fxg5 Rh1+ 57. Kg3 Rg1+ (57... Rxh5 58. g6 $1 {wins on the
spot.}) 58. Kf4 (58. Kh2 Rxg5 59. Ne6+ Kh7 60. Nxg5+ Nxg5 61. Rb6 $1 {gives
White winning chances but should be holdable.}) 58... Rf1+ $4 {The decisive
mistake.} (58... Nd6 {this move immediately would've made the win very unclear
still, as Black has some surprising defensive resources and his king is not
getting mated just yet.}) 59. Ke3 g6 {Sadly there was nothing better.} (59...
Nd6 60. Ng6+ Kf7 61. Rf8+ {is the big difference as now Black's rook falls on
f1.}) 60. hxg6 Kg7 61. gxf7 Kxf7 {Surprisingly, White has to find an only way
to win here.} 62. Ke4 $4 {Returning the favor!} (62. Nd7 $1 {wins as White can
reroute his pieces to optimal squares. Kramnik probably missed the following
sequence:} Rf5 63. Rf8+ Kg6 64. Rg8+ Kf7 65. Ke4 $1 {The only winning move.}
Ra5 66. Rf8+ Kg6 67. Ne5+ $1 Kxg5 68. Rf5+ $1 {and the knight will check the
king in the next move, setting up a discovery and winning the rook!}) 62...
Re1+ 63. Kf3 Rf1+ 64. Kg3 Rg1+ 65. Kf4 Rf1+ 66. Ke3 Re1+ 67. Kf3 Rf1+ 68. Kg2
Rf5 69. Nh7 Kg6 70. Rb7 Rf4 71. Kg3 Ra4 72. Re7 Rg4+ {Clever as the rook
cannot be taken due to stalemate tricks.} 73. Kf3 Ra4 74. Rb7 Rh4 75. Nf6 Kxg5
76. Ne4+ Kf5 77. Re7 {The rook against knight endgame is considerably simpler
than the rook against bishop one. That being said there have been some
important games in which the stronger side has managed to trick their
opponents.} Rh8 78. Ke3 Rd8 79. Rf7+ Ke6 80. Rh7 Rd1 81. Nc5+ Kf5 82. Rf7+ Ke5
83. Nd3+ Ke6 84. Ra7 Rh1 85. Ke4 Rh4+ 86. Nf4+ Kd6 87. Ra6+ Kc5 88. Rg6 Kc4 89.
Rc6+ Kb5 90. Rc1 Rh8 91. Ke5 Rh4 92. Rc8 Rh1 93. Ne6 Rh5+ 94. Kd6 Rh6 95. Rc1
Kb4 96. Kd5 Rh5+ 97. Ke4 Rh4+ 98. Nf4 Kb5 99. Ke5 Rh8 100. Rc2 Rh4 101. Rf2 Kc4
102. Ke4 Rh8 103. Rc2+ Kb5 104. Ng6 Rh1 105. Ne5 Re1+ 106. Kd4 Rd1+ 107. Nd3
Kb6 108. Rc3 Rb1 109. Kd5 Rb5+ 110. Nc5 Rb1 111. Nd7+ Kb5 112. Rd3 Rb4 113. Ne5
Rb1 114. Nc4 Kb4 115. Nd2 Rb2 116. Kc6 Rc2+ 117. Kb6 Rb2 118. Kc6 Rc2+ 119. Kb7
Rc3 120. Rd8 Rc5 121. Ne4 Rc4 122. Re8 Rc2 123. Kb6 Re2 124. Kc6 Re1 125. Nd6 {
Finally with the 50 move rule easily in sight the players agreed to a draw. A
titanic struggle!} 1/2-1/2

[Event "FIDE World Cup"]
[Site "Tromsoe"]
[Date "2013.09.02"]
[Round "7.4"]
[White "Andreikin, Dmitry"]
[Black "Kramnik, Vladimir"]
[Result "1/2-1/2"]
[WhiteElo "2716"]
[BlackElo "2784"]
[Annotator "Negi,P"]
[PlyCount "67"]
[EventDate "2013.08.11"]
[EventType "k.o."]
[EventRounds "7"]
[EventCountry "NOR"]
[SourceTitle "CBM 156"]
[Source "ChessBase"]
[SourceDate "2013.09.17"]
[SourceVersion "1"]
[SourceVersionDate "2013.09.17"]
[SourceQuality "1"]

{Andreikin decided to go for a quite opening this time. Considering the
tournament situation, it was a sensible choice, but he failed to follow it up
with energetic play when required, and Kramnik easily dealt with White's
desperado attack.} 1. c4 c5 2. g3 g6 3. Bg2 Bg7 4. Nc3 Nc6 5. a3 b6 {Setups
with d6 are more common, but the double fianchetto is perfectly playable as
well.} 6. d3 Bb7 7. Bd2 Nf6 {Surprisingly we are already in fairly unknown
territory by move seven. Of course similar positions have been seen before,
but this just on to show how much room for creativity exists!} 8. Nh3 $5 {
The knight might look misplaced on h3, but in similar structures Black has
often used the idea of bringing Ng8 out via h6 too. The point is to keep the
Bg2 open - which prevents d5, and annoying jumps like Nd4 after Nf3.} O-O (8...
h5 {would be a fun move to play, using the fact White can't prevent h4 - but
of course this doesn't suit the situation of the match at all.}) 9. O-O e6 10.
b4 d6 11. b5 Na5 12. e4 $5 {White is maintaining the tension - and now if
Black continues slowly he is ready to start pushing on the kingside with f4,
g4 etc. With the Na5, and Bb7 far away from kingside, a direct pawn thrust
could be very dangerous.} d5 $1 {The computer doesn't particularly like this
move, but it is the most logical. Black's pieces are all placed logically and
it was difficult to improve the situation... while White was ready with
kingside plans.} 13. cxd5 exd5 14. e5 Ne8 $1 {The regrouping Nc7 and then f6
works perfectly.} ({If} 14... Nd7 15. f4 {then it would have been much harder
for Black to get f6, and the centre starts looking formidable.}) 15. f4 Nc7 16.
Rb1 {Getting ready for ...a6, and perhaps threatening Na4 now.} (16. Na4 {
seems more critical, but I believe Andreikin was worried about:} d4 $5 17. Bxa5
(17. Nxc5 Bxg2 18. Kxg2 Qd5+ 19. Ne4 Nb3 {and b5 pawn will fall.}) 17... Bxg2
18. Kxg2 bxa5 {and the iminent jump of Nc7 to e3 via d5 seems very dangerous.})
16... f6 $1 {But White doesn't have forever to make his plans! The centre is
already being undermined, and it's time for some tough decisions for White if
he wants to continue playing for a win.} 17. exf6 (17. Na4 {would lead to
unpredictable complications, but White's pieces seem totally uncoordinated, so
I wouldn't really worry with Black.}) 17... Qxf6 18. Ne2 Rae8 19. g4 {White's
play alredy reeks of desperation. Objectively it was probably time to try and
equalise somehow... But being a point behind, Andreikin decides to try his
luck with a primitive attack.} d4 $1 {The knight is coming to e3! White's
position quickly disintegrates.} 20. Ng3 Bxg2 21. Kxg2 Nd5 22. f5 Qe5 23. Nf4
c4 24. Qf3 (24. Ne6 {seems like a better move, but Black has a wide variety of
tempting options to choose from. Even the exchange sacrifice with ...Rxe6
followed by ...c3 seems to give Black a rather comfortable position.}) 24...
Ne3+ 25. Bxe3 dxe3 26. d4 Qd6 {Kramnik doesn't want to try and maximise the
advantage with ....Qxd4 - he is content to keep everything under control, and
leave White with a depressing set of options - none of which offer the
slightest chance of an advantage.} 27. Ne4 Qxd4 28. Ng5 e2 29. Nxe2 Qd2 30. Ne4
Qc2 31. N4g3 Nb3 32. Rbd1 Kh8 33. Qf2 gxf5 34. gxf5 {Black is utterly
dominating, so Andreikin finally accepts it and offers a draw before his
position collapses.} 1/2-1/2

[Event "WchT 9th"]
[Site "Antalya"]
[Date "2013.12.03"]
[Round "7.1"]
[White "Kramnik, Vladimir"]
[Black "Giri, Anish"]
[Result "1-0"]
[WhiteElo "2793"]
[BlackElo "2732"]
[Annotator "Mikhalchishin,A"]
[PlyCount "81"]
[EventDate "2013.11.26"]
[EventType "team-tourn"]
[EventRounds "9"]
[EventCountry "TUR"]
[SourceTitle "CBM 158"]
[Source "ChessBase"]
[SourceDate "2014.01.16"]
[SourceVersion "1"]
[SourceVersionDate "2014.01.16"]
[SourceQuality "1"]
[WhiteTeam "Russia"]
[BlackTeam "Netherlands"]
[WhiteTeamCountry "RUS"]
[BlackTeamCountry "NED"]

1. Nf3 d5 2. d4 Nf6 3. c4 c6 4. Nc3 dxc4 5. a4 Bf5 6. Ne5 Nbd7 7. Nxc4 Qc7 8.
g3 e5 9. dxe5 Nxe5 10. Bf4 Nfd7 11. Bg2 g5 {This line revived by Morozevich
has been tried by Giri many times with White and Black, but with very
miserable results!} 12. Nxe5 ({Vladimir has tried another principled line here
} 12. Ne3 gxf4 13. Nxf5 O-O-O 14. Qc2 Nc5 $146 (14... Ng4 $6) (14... fxg3 15.
hxg3 Kb8 16. O-O-O Bb4 17. Na2 Bc5 18. e3 a5 19. Kb1 Bb6 20. Nc3 Nc5 21. Nd4 h6
22. Rh5 Na6 23. Na2 Nc5 24. Nc3 Na6 25. Na2 Nc5 26. Nc3 {1/2 Giri,A (2686)
-Aronian,L (2805)/Wijk aan Zee 2011/}) (14... Kb8 15. O-O fxg3 16. hxg3 h5 17.
e3 Nc5 18. b4 Ncd3 19. b5 cxb5 20. axb5 Bc5 21. Qa4 h4 {Giri,A (2717)-Holzke,F
(2508)/Plovdiv 2012 with very sharp play.}) 15. O-O Ne6 16. Rad1 Bc5 17. Ne4
Bb4 18. Qc1 fxg3 19. hxg3 Rxd1 20. Rxd1 Rd8 $11 {Kramnik,V (2797)-Morozevich,A
(2749)/Astana 2001}) ({Even a very primitive solution is possible:} 12. Bxe5
Nxe5 13. Qd4 f6 14. Ne3 Bg6 15. a5 a6 16. O-O Rd8 17. Qa4 Bc5 18. Ne4 Be7 19.
f4 gxf4 20. gxf4 Nd7 21. Qc4 Qb8 22. Kh1 Kf8 23. Rad1 Qa7 24. Rd4 {Ernst,S 
(2587)-Giri,A (2585)/Leeuwarden 2009 with the initiative.}) 12... gxf4 13. Nxd7
O-O-O 14. Qd4 Qxd7 15. Qxf4 Bd6 16. Qc1 Kb8 ({A possible option was} 16... a5
17. O-O Be5 $2 (17... Kb8) 18. Nb5 $1 Qe7 19. Na7+ Kb8 20. Nxc6+ bxc6 21. Qxc6
Ka7 22. Qb5 Bc8 23. Qxa5+ Ba6 24. Rac1 $18 {Kramnik,V (2809)-Morozevich,A 
(2742)/Monaco (rapid) 2002}) 17. O-O h5 ({This is better than the slow} 17...
Qe7 18. a5 a6 19. Ra4 Bc7 20. Ne4 (20. Rh4 Rhg8 21. Kh1 Rg4 22. Rxg4 Bxg4 23.
Qh6 Qb4 24. Qxh7 Qxb2 25. Qg7 Bxe2 {Kempinski,R (2532)-Morozevich,A (2707)/
Bled 2002. Black takes the initiative.}) 20... Rd5 21. Rc4 Rxa5 22. Nc5 Bc8 (
22... Rb5 23. b4 Rd8 24. Bf3 Be6 25. Re4 Bd6 26. Nxe6 fxe6 27. Qh6 e5 28. Rd1
Rxb4 29. Rxb4 Bxb4 30. Rxd8+ Qxd8 31. Qxh7 a5 {Kandyba,L (2361)-Prizant,J 
(2470)/Tula 2004 with a very sharp endgame.}) 23. Qc2 Rb5 24. e3 {1/2 Kramnik,
V (2807)-Anand,V (2755)/Russia - ROW (rapid) 2002}) 18. h4 {Kramnik believes
that White can stop Black's initiative.} Rhg8 19. a5 a6 20. Ra4 Bc7 21. Ne4 $1
{Absolutely correct - returning the pawn. Kramnik explained that Black has
more serious weaknesses on the king's flank.} Bxe4 22. Rxe4 Bxa5 23. Qc5 Bc7 (
23... Qd5 {was wrong:} 24. Qxd5 Rxd5 25. Re7 Rd2 26. Bf3 Rxb2 27. Rxf7 {
and after winning the h5-pawn, the white pawn mass will be tremendously strong.
}) 24. e3 ({Materialism was bad:} 24. Qxh5 f5 25. Re3 f4) 24... f5 25. Rd4 Qe6
26. Rfd1 Rxd4 27. Qxd4 ({Another capture was much weaker:} 27. Rxd4 Bxg3 28.
fxg3 Qxe3+ 29. Kf1 Qxg3 30. Qd6+ Qxd6 31. Rxd6 Rg4) 27... Be5 ({Kramnik
believed that the best chances for equal play were promised by} 27... Qb3 28.
Rd3 Qc2 {, but Giri intended to sacrifice on g3. And to Kramnik's surprise he
did it extremely soon!}) 28. Qb4 ({Maybe slightly better would be the other
queen retreat} 28. Qc5 Bxb2 29. Rb1 Be5 30. Bxc6) 28... Bxg3 $5 29. fxg3 Qxe3+
30. Kf1 Qxg3 31. Rd2 ({White can not give up his main weapon in the endgame -
the h4-pawn.} 31. Qd6+ Qxd6 32. Rxd6 Rg4) 31... Qg4 ({A serious option was} 
31... Rg4 32. Qf8+ Ka7 33. Qc5+ Kb8 34. Re2 Qd3 {and it is not clear how White
can improve his position.}) 32. Qd4 f4 33. Bxc6 $5 {Kramnik decides on a
forced play.} (33. Qf2 {was possible:} Rf8 34. Rd3 Qf5 35. Qd4 $14) 33... f3 $2
(33... bxc6 $2 {was also wrong:} 34. Qb6+ Ka8 35. Qxc6+ Kb8 36. Qb6+ Ka8 37.
Qxa6+ Kb8 38. Qb5+ Ka8 39. Qd5+ $3 Kb8 40. Rg2 $3 $18 {transposing into a
winning pawn ending.}) ({Kramnik said that during the game he could not
evaluate the strongest move} 33... Rc8 {which led to a draw.}) 34. Bd7 $1 Qg3
35. Qd6+ {Transferring into an easily winning endgame as White keeps his
h4-pawn.} Qxd6 36. Rxd6 Kc7 ({Or} 36... Rd8 37. Rd5) 37. Rd5 Rg2 38. b3 Rh2 39.
Rd4 $1 b5 40. Be8 Kb6 41. Bxh5 1-0

[Event "London Classic KO 5th"]
[Site "London"]
[Date "2013.12.14"]
[Round "1.2"]
[White "Anand, Viswanathan"]
[Black "Kramnik, Vladimir"]
[Result "0-1"]
[WhiteElo "2773"]
[BlackElo "2793"]
[Annotator "Ramirez Alvarez,A"]
[PlyCount "54"]
[EventDate "2013.12.14"]
[EventType "k.o. (rapid)"]
[EventRounds "3"]
[EventCountry "ENG"]
[SourceTitle "CBM 158"]
[Source "ChessBase"]
[SourceDate "2014.01.16"]
[SourceVersion "1"]
[SourceVersionDate "2014.01.16"]
[SourceQuality "1"]

1. Nf3 d5 2. c4 e6 3. d4 Nf6 4. Nc3 c5 5. e3 Nc6 6. a3 a6 7. dxc5 Bxc5 8. b4
Bd6 $5 (8... Ba7 {is a far more common retreat, and it has been seen at the
top level many times. Anand himself played it against Aronian in 2011.}) 9. Bb2
O-O 10. Qc2 (10. cxd5 exd5 11. Be2 Be6 {is more common but Black seems to be
fine in this variation. Anand's move tries to lock in the light-squared bishop
for at least a little longer.}) 10... Qe7 11. Rd1 Rd8 12. Be2 dxc4 13. Bxc4 b5
14. Bd3 Bb7 {Something has obviously gone wrong for White. If he castles he is
basically simply a tempo down in a symmetrical position, not to mention that
he would rather have put the f-rook on the d-file rather than his queenside
rook. These little details would give Black an edge.} 15. Ne4 Nxe4 16. Bxe4
Rac8 $1 {A strong move.} 17. Qb1 $2 {Anand plays the human move, but he runs
into quick trouble.} (17. Bxh7+ Kh8 18. Qb1 Nxb4 $1 (18... f5 $2 19. Bxf5 exf5
20. Qxf5 {is not playable for Black. White has sufficient material and a
strong king-side initiative.}) (18... a5 $6 19. h4 $1 $13) 19. axb4 Bxb4+ 20.
Ke2 f5 21. Bxf5 exf5 22. Qxf5 Rf8 {is a crazy position that is nearly
impossible to evaluate. A sample crazy variation:} 23. Qh3+ Kg8 24. Rd7 Rc2+ (
24... Bd5 {is not a move anyone is going to find.}) 25. Kd1 Rd8 26. Rxd8+ Qxd8+
27. Kxc2 Be4+ 28. Kb3 Qd5+ 29. Kxb4 $11 {and there is apparently nothing more
than a perpetual.}) 17... f5 18. Bd3 a5 19. bxa5 Nxa5 20. O-O Nc4 {White is
passive. His kingside and his queenside are both under fire and he has no
clear plan.} 21. Be2 Be4 22. Qa1 Nxb2 23. Qxb2 b4 $1 $19 (23... Rc2 24. Qxb5 {
doesn't quite work.}) 24. axb4 Rc2 {A decisive fork, and the point of 23...b4.
Now the game is over.} 25. Qb3 Rxe2 26. Nd4 Bd5 27. Qd3 Qh4 0-1